00310nam a22001097a 4500082001800000100001800018245004200036260004800078300002100126563000900147880004400156 a891.4393bZAF aZafar, Fayyaz aKhaali hai Jaib-e-Gul /cFayyaz Zafar aIslamabad :bCrystal Printing Press,c2003. a111 p. ;c22 cm. aHBK. 6245-02\raخالی ہے جیبِ گل /